00342nam a2200133Ia 45000010005000000080041000050200021000460820023000671000019000902450036001092600021001459010027001669990015001932824241024s9999 xx 000 0 und d a978-944-074-83-3 aRD/923.27293/C697v aMiguel Collado 0aVisión de Hostos sobre Duarte bEd. Búhoc2013 a4/4/2013 12:10:02 p.m. c7651d7651